000 00709nam a2200229Ia 4500
003 GCL
008 140319s9999 xx 000 0 ara d
040 _aGCL /
_cGCL
082 0 4 _a813.009
_bش ر
100 1 _aشوقى بدر يوسف
245 1 0 _aالرواية فى أدب سعد مكاوى /
_cشوقى بدر يوسف
260 _a[S.N] :
_bالهيئة المصرية العامة للكتاب ،
_c1990
300 _a119 ص
490 _aدراسات ادبية
_v0
650 0 4 _aالادب العربى
650 0 4 _aالعصر الحديث
650 0 4 _aالقصص العربية
650 0 4 _aمصر
650 0 4 _aسعد مكاوى
650 0 4 _aتاريخ ونقد
942 _2ddc
_cBK
999 _c28145
_d28145